Online
Catalog

El Universo : (Record no. 40265)

MARC details
000 -CABECERA
campo de control de longitud fija 00668nam a2200193 a 4500
001 - NÚMERO DE CONTROL
campo de control 000040775
005 - FECHA Y HORA DE LA ÚLTIMA TRANSACCIÓN
campo de control 20201002034353.0
008 - DATOS DE LONGITUD FIJA--INFORMACIÓN GENERAL
campo de control de longitud fija 130906s2007 sp a 000 0 spa d
020 ## - NÚMERO INTERNACIONAL ESTÁNDAR DEL LIBRO
Número Internacional Estándar del Libro 9788420637976
040 ## - FUENTE DE LA CATALOGACIÓN
Centro catalogador/agencia de origen DO-SdBNP
Lengua de catalogación spa
Centro/agencia transcriptor BNPHU
100 1# - ENTRADA PRINCIPAL--NOMBRE DE PERSONA
Nombre de persona Asimov, Isaac
9 (RLIN) 47685
240 10 - TÍTULO UNIFORME
Título uniforme The Universe
Lenguaje de la obra Español
245 13 - MENCIÓN DE TÍTULO
Título El Universo :
Resto del título de la tierra plana a los quásares /
Mención de responsabilidad, etc. Isaac Asimov ; traductor Miguel Paredes Larrucea.
260 ## - PUBLICACIÓN, DISTRIBUCIÓN, ETC.
Lugar de publicación, distribución, etc. Madrid :
Nombre del editor, distribuidor, etc. Alianza Editorial,
Fecha de publicación, distribución, etc. 2007.
300 ## - DESCRIPCIÓN FÍSICA
Extensión 448 p. :
Otras características físicas ils. ;
Dimensiones 18 cm.
500 ## - NOTA GENERAL
Nota general Incluye notas al pie de las páginas
500 ## - NOTA GENERAL
Nota general Traducido del idioma inglés
700 1# - PUNTO DE ACCESO ADICIONAL--NOMBRE DE PERSONA
Nombre de persona Paredes Larrucea, Miguel,
Término indicativo de función/relación trad.
9 (RLIN) 67182
Holdings
Estado de retiro Estado de pérdida Restricciones de uso No para préstamo Código de colección Localización permanente Ubicación/localización actual Ubicación en estantería Fecha de adquisición Número de inventario Total de préstamos Signatura topográfica completa Código de barras Fecha visto por última vez Precio válido a partir de Tipo de ítem Koha
      Excluido de préstamo Monografías: Libros y Folletos General General Depósito 06.09.2013 LF1   40775-10 25.06.2020 25.06.2020 No se presta

Powered by Koha